01701nam a22002297a 450000500170000000800410001702000180005804000070007604100080008308200260009110000240011724500160014126000420015730000240019936500620022352009140028565000360119970000360123594200120127199900190128395201690130220220427085831.0220225b ||||| |||| 00| 0 eng d q9781503213807 cAL aeng 223a792.0942271bIBSD aHenrik Ibsen921974 aDolls House aNew DelhibFingerprint Classicsc2021 a127p.bPBc20x13cm. 2Generala5944b₹120.00c₹d₹150.00e20%f18/02/2022 aOne of the best-known, most frequently performed of modern plays, A Doll's House richly displays the genius with which Henrik Ibsen pioneered modern, realistic prose drama. In the central character of Nora, Ibsen epitomized the human struggle against the humiliating constraints of social conformity. Nora's ultimate rejection of a smothering marriage and life in "a doll's house" shocked theatergoers of the late 1800s and opened new horizons for playwrights and their audiences.but daring social themes are only one aspect of Ibsen's power as a dramatist. A Doll's House shows as well his gifts for creating realistic dialogue, a suspenseful flow of events and, above all, psychologically penetrating characterizations that make the struggles of his dramatic personages utterly convincing. Here is a deeply absorbing play as readable as it is eminently playable, reprinted from an authoritative translation. aArts9219752Stage presentation aSharp Robert Farquharson921976 2ddccBK c221631d221631 00102ddc40708MAENGaSACPGbSACPGd2022-02-23eBiblios Book Pointg120.00l6o792.0942271 IBSDpPG023643r2025-04-23 12:14:34s2025-04-08v150.00w2022-02-25yBK